000 00504nam a2200169 i 4500
001 49543
003 ES-MaACL
005 20230906162013.0
007 t|
008 030717s1969 sp ||||1| spa d
100 1 _aCosta Batllori, Pedro.
_941086
245 1 0 _aManual de cunicultura /
_cpor Pedro Costa Batllori ; prólogo de F. Puchal.
260 _aBarcelona :
_bAedos,
_c[1969]
300 _a198 p., 2 lám. :
_bil. ;
_c21 cm.
700 1 _aPuchal, F.
_994114
852 _aES-MaACL
_jC-36806
_bR.70799
999 _c49543
_d49543